Pilotes y cimentaciones sobre pilotes: exposición de distintos tipos de pilotes, capacidad portante y estabilidad de los pilotes, datos numéricos, ejemplos de aplicaciones prácticas

Gardado en:
Detalles Bibliográficos
Main Authors: Davidian, Zaven (Author), Lassau, Pierre (Author)
Formato: Libro
Idioma:Lingua castelá
Publicado: Barcelona Técnicos Asociados 1977
Subjects:
Tags: Engadir etiqueta
Sen Etiquetas, Sexa o primeiro en etiquetar este rexistro!

MARC

LEADER 00000nam a2200000 a 4500
001 UCU6314
003 CL-VaPUC
008 960614e19770000SP |||||||||||||||||spa|d
082 0 4 |a 624.154  |b DAV  |2 21 
100 0 |a Davidian, Zaven  |e author  |9 364520 
700 0 |a Lassau, Pierre  |e author  |9 364521 
245 1 0 |a Pilotes y cimentaciones sobre pilotes: exposición de distintos tipos de pilotes, capacidad portante y estabilidad de los pilotes, datos numéricos, ejemplos de aplicaciones prácticas 
300 |a 188 p 
942 |c BK 
945 |d 19960614 00:00:00  |a paguirre 
260 |a Barcelona  |b Técnicos Asociados  |c 1977 
650 7 |a PILOTES  |2 CL-VaPUC  |9 363915 
650 0 |a Madera  |9 262357 
650 7 |a CIMIENTOS  |2 CL-VaPUC  |9 260635 
650 7 |a TECNOLOGIA DE LA CONSTRUCCION  |2 CL-VaPUC  |9 260196 
650 0 |a Estructuras  |9 271908 
650 0 |a Hormigones  |9 262546 
583 |a last modification  |c 19960614 00:00:00  |k Rodrigo Vera 
999 |c 249307  |d 249305 
952 |0 0  |1 0  |4 0  |6 624_154000000000000_DAV_1977  |7 0  |8 A  |9 266499  |a BIBING  |b BIBING  |d 2019-11-19  |i 1687085  |o 624.154 DAV 1977  |p 1687085  |r 2025-01-20  |w 2019-11-19  |y BK  |k CCL